| 000 | 00482 a2200169 4500 | ||
|---|---|---|---|
| 003 | OSt | ||
| 005 | 20230929120733.0 | ||
| 008 | 230929b |||||||| |||| 00| 0 eng d | ||
| 020 | _a9789353383275 | ||
| 040 | _coclc | ||
| 082 |
_a510.712 _bSAH/P |
||
| 100 | 1 |
_aSahni, Madhu, _d1959- _99633 |
|
| 245 |
_aPEDAGOGY OF MATHEMATICS / _cDr. Madhu Sahni |
||
| 260 |
_bVikas Publishing _c2019. |
||
| 300 | _a464 p | ||
| 942 |
_2ddc _cBK _h510.712 _iSAH/P _k510.712 _mSAH/P |
||
| 999 |
_c42392 _d42392 |
||